|
|
|
|
| LEADER |
00000cab a2200000 a 4500 |
| 001 |
vtls009958883 |
| 003 |
SK-MaSNL |
| 005 |
20260318114527.0 |
| 008 |
091012c2009 xo wr p 000 c0ukr |
| 015 |
|
|
|a SNBRB2009/10
|
| 038 |
|
|
|a SVKPOCL
|
| 040 |
|
|
|a SVKPOCL
|b slo
|c SVKPOCL
|e AACR2
|
| 041 |
0 |
|
|a ukr
|
| 044 |
|
|
|a xo
|c SK
|
| 080 |
|
|
|a 726.54-035.3
|x (437.1/.3)
|2 2001
|
| 100 |
1 |
|
|a Iľuk, Miroslav,
|d 1942-
|4 aut
|9 6395
|
| 245 |
1 |
0 |
|a Naši derev`jani cerkvy u Čechiji
|c [avtor] -mi-
|
| 610 |
2 |
7 |
|a Chrám sv. Archanjela Michala (Praha, Česko)
|2 svkpocl
|9 1611142
|
| 610 |
2 |
7 |
|a Chrám sv. Mikuláša Čudotvorca (Hradec Králove, Česko)
|2 svkpocl
|9 1611143
|
| 610 |
2 |
7 |
|a Chrám Všetkých svätých (Dobříkov, Česko)
|2 svkpocl
|9 1611144
|
| 610 |
2 |
7 |
|a Chrám Zosnutia Panny Márie (Obava, Česko)
|2 svkpocl
|9 1611145
|
| 610 |
2 |
7 |
|a Chrám sv. Paraskievy (Obava, Česko)
|2 svkpocl
|9 1611146
|
| 610 |
2 |
7 |
|a Chrám sv. Archanjela Michala ( Kunčice pod Ondřejníkem, Česko)
|2 svkpocl
|9 1611147
|
| 648 |
|
7 |
|a 16.-18. stor.
|2 svkpocl
|9 309930
|
| 650 |
0 |
7 |
|a drevené kostoly
|2 svkpocl
|9 3659
|
| 650 |
0 |
7 |
|a náboženstvo
|2 svkpocl
|9 2023
|
| 651 |
|
7 |
|a Praha (Česko)
|2 svkpocl
|9 19313
|
| 651 |
|
7 |
|a Hradec Králové (Česko)
|2 svkpocl
|9 30087
|
| 651 |
|
7 |
|a Dobříkov (Ústí nad Orlicí, Česko)
|2 svkpocl
|9 125579
|
| 651 |
|
7 |
|a Nová Paka (Česko)
|2 svkpocl
|9 125580
|
| 651 |
|
7 |
|a Blansko (Česko)
|2 svkpocl
|9 125581
|
| 651 |
|
7 |
|a Kunčice pod Ondřejníkem (Česko)
|2 svkpocl
|9 125582
|
| 651 |
|
7 |
|a Medvedivci (Ukrajina)
|2 svkpocl
|9 1508703
|
| 651 |
|
7 |
|a Malá Poľana (Slovensko)
|2 svkpocl
|9 59690
|
| 651 |
|
7 |
|a Stropkov (Slovensko : okres)
|2 svkpocl
|9 23137
|
| 651 |
|
7 |
|a Cholmovec' (Ukrajina)
|2 svkpocl
|9 1611148
|
| 651 |
|
7 |
|a Obava (Ukrajina)
|2 svkpocl
|9 1304978
|
| 651 |
|
7 |
|a Nyžnje Selyšče (Ukrajina)
|2 svkpocl
|9 1611149
|
| 651 |
|
7 |
|a Hlynjanec' (Ukrajina)
|2 svkpocl
|9 1611150
|
| 773 |
0 |
|
|t Nove žyttja
|g Roč. 59, č. 17-18 (2009), s. 3
|
| 852 |
|
|
|a SVKPO
|b KIS3GCP
|
| 958 |
|
|
|a UK
|
| 958 |
|
|
|a SK
|
| 958 |
|
|
|a RN
|
| 958 |
|
|
|a NT
|
| 958 |
|
|
|a CZ
|
| 958 |
|
|
|a UA
|
| 999 |
|
|
|c 3318903
|d 3320833
|